[Event "BL2 Sued 1415 (Women)"]
[Site "Germany"]
[Date "2014.12.14"]
[Round "5.3"]
[White "Stitterich, Nadine"]
[Black "Kiefhaber, Veronika"]
[Result "0-1"]
[WhiteElo "2027"]
[BlackElo "2214"]
[PlyCount "62"]
[EventDate "2014.09.27"]
[EventType "team-tourn"]
[EventRounds "7"]
[EventCountry "GER"]
[SourceTitle "CBM 166 Extra"]
[Source "ChessBase"]
[SourceDate "2015.06.18"]
[SourceVersion "1"]
[SourceVersionDate "2015.06.18"]
[SourceQuality "1"]
[WhiteTeam "Stuttgart Wolfbusch (W)"]
[BlackTeam "Karlsruhe (W)"]
[WhiteTeamCountry "GER"]
[BlackTeamCountry "GER"]

1. e4 g6 2. d4 Bg7 3. Nc3 d5 4. Be3 dxe4 5. Nxe4 Nd7 6. Nf3 Ngf6 7. Ng3 0-0 8. Bc4 Nb6 9. Bb3 Nbd5 10. 0-0 b6 11. Ne5 Bb7 12. Qe2 Nd7 13. Rad1 e6 14. Bc1 Nxe5 15. dxe5 Qe7 16. a3 Qh4 17. f4 Rad8 18. c4 Ne7 19. Bc2 Nf5 20. Bxf5 exf5 21. b3 Qe7 22. Bb2 Bh6 23. Bc1 Qc5+ 24. Qf2 Qc6 25. Ne2 Rxd1 26. Rxd1 Re8 27. Bb2 Bf8 28. Bd4 Rd8 29. Nc3 Qe6 30. a4 Bb4 31. Rc1 Rxd4 0-1

[Event "BL2 Sued 1415 (Women)"]
[Site "Germany"]
[Date "2014.11.29"]
[Round "3.3"]
[White "Zimmer, Elke"]
[Black "Stitterich, Nadine"]
[Result "1-0"]
[WhiteElo "1938"]
[BlackElo "2027"]
[PlyCount "81"]
[EventDate "2014.09.27"]
[EventType "team-tourn"]
[EventRounds "7"]
[EventCountry "GER"]
[SourceTitle "CBM 166 Extra"]
[Source "ChessBase"]
[SourceDate "2015.06.18"]
[SourceVersion "1"]
[SourceVersionDate "2015.06.18"]
[SourceQuality "1"]
[WhiteTeam "Wadgassen/Differten (W)"]
[BlackTeam "Stuttgart Wolfbusch (W)"]
[WhiteTeamCountry "GER"]
[BlackTeamCountry "GER"]

1. e4 c5 2. Nc3 Nc6 3. g3 g6 4. Bg2 Bg7 5. d3 e6 6. Be3 Nd4 7. Qd2 Ne7 8. Nd1 d6 9. c3 Ndc6 10. Bh6 0-0 11. Bxg7 Kxg7 12. f4 f5 13. Nf3 e5 14. 0-0 Rb8 15. Nf2 b5 16. Rfe1 exf4 17. gxf4 Qc7 18. e5 d5 19. d4 c4 20. a3 Nd8 21. Nh3 a5 22. Qf2 b4 23. axb4 axb4 24. Nd2 h6 25. Ra2 Be6 26. Rea1 Ndc6 27. Qh4 Rb7 28. Ra8 Rbb8 29. Rxb8 Qxb8 30. Nf1 bxc3 31. bxc3 Qb7 32. Qg3 Qb2 33. Rd1 Na5 34. Nf2 Nb3 35. h4 Ra8 36. h5 Ra1 37. Qh4 Ng8 38. Qd8 Ra5 39. Qc7+ Kf8 40. Qd6+ Kf7 41. hxg6+ 1-0

[Event "Split op 2nd"]
[Site "Split"]
[Date "2012.08.19"]
[Round "9"]
[White "Stitterich, Nadine"]
[Black "Armanda, Ivica"]
[Result "0-1"]
[WhiteElo "2001"]
[BlackElo "2398"]
[PlyCount "102"]
[EventDate "2012.08.11"]
[EventType "swiss"]
[EventRounds "9"]
[EventCountry "CRO"]
[SourceTitle "CBM 149 Extra"]
[Source "ChessBase"]
[SourceDate "2012.08.24"]
[SourceVersion "1"]
[SourceVersionDate "2012.08.24"]
[SourceQuality "1"]

1. e4 c5 2. Nf3 d6 3. d4 cxd4 4. Nxd4 Nf6 5. Nc3 g6 6. Be3 Bg7 7. f3 0-0 8. Qd2 Nc6 9. 0-0-0 Bd7 10. g4 Ne5 11. h4 Qa5 12. Nb3 Qc7 13. Be2 Rfc8 14. h5 b5 15. hxg6 fxg6 16. g5 b4 17. gxf6 bxc3 18. bxc3 Bxf6 19. Bd4 Nf7 20. Ba6 e5 21. Be3 Be6 22. Bxc8 Rxc8 23. Rh2 a5 24. a4 Bxb3 25. cxb3 Qxc3+ 26. Qxc3 Rxc3+ 27. Kd2 Rxb3 28. Rc1 Ra3 29. Rc8+ Kg7 30. Rh1 Bg5 31. Bxg5 Nxg5 32. Rc7+ Kf6 33. Ke2 Rxa4 34. Rd1 Ke6 35. Rc6 Nf7 36. Rd3 h5 37. Kf2 Ra2+ 38. Kg3 g5 39. Ra6 a4 40. Rc6 Ra1 41. Ra6 g4 42. Kf2 gxf3 43. Kxf3 Ng5+ 44. Ke3 Re1+ 45. Kf2 Rxe4 46. Rdxd6+ Kf5 47. Kg3 h4+ 48. Kh2 h3 49. Rd3 Re2+ 50. Kg1 Ne4 51. Rf3+ Kg4 0-1

[Event "Split op 2nd"]
[Site "Split"]
[Date "2012.08.17"]
[Round "7"]
[White "Stitterich, Nadine"]
[Black "Walter, Thomas"]
[Result "1-0"]
[WhiteElo "2001"]
[BlackElo "2130"]
[PlyCount "66"]
[EventDate "2012.08.11"]
[EventType "swiss"]
[EventRounds "9"]
[EventCountry "CRO"]
[SourceTitle "CBM 149 Extra"]
[Source "ChessBase"]
[SourceDate "2012.08.24"]
[SourceVersion "1"]
[SourceVersionDate "2012.08.24"]
[SourceQuality "1"]

1. e4 c5 2. Nf3 g6 3. d4 cxd4 4. Nxd4 Bg7 5. Nc3 Nc6 6. Be3 Nf6 7. Bc4 0-0 8. Bb3 a5 9. 0-0 a4 10. Nxa4 Nxe4 11. Nb5 Ra6 12. Qe2 d5 13. Rad1 e6 14. c4 Qh4 15. g3 Qh3 16. cxd5 exd5 17. Rxd5 Nf6 18. Rdd1 Ng4 19. f3 Nxe3 20. Qxe3 Ra5 21. Nac3 Bf5 22. a4 h5 23. Rf2 Raa8 24. Nd6 Rad8 25. Rfd2 Be6 26. Bxe6 fxe6 27. Nce4 Rxd6 28. Rxd6 Ne5 29. Ng5 Qf5 30. f4 Nc4 31. Qxe6+ Qxe6 32. Rxe6 Nxb2 33. Rd2 Bf6 1-0

[Event "Split op 2nd"]
[Site "Split"]
[Date "2012.08.16"]
[Round "6"]
[White "Stitterich, Nadine"]
[Black "Jelcic, Marko"]
[Result "1/2-1/2"]
[WhiteElo "2001"]
[BlackElo "2140"]
[PlyCount "64"]
[EventDate "2012.08.11"]
[EventType "swiss"]
[EventRounds "9"]
[EventCountry "CRO"]
[SourceTitle "CBM 149 Extra"]
[Source "ChessBase"]
[SourceDate "2012.08.24"]
[SourceVersion "1"]
[SourceVersionDate "2012.08.24"]
[SourceQuality "1"]

1. e4 c5 2. Nf3 d6 3. d4 cxd4 4. Nxd4 Nf6 5. Nc3 g6 6. Be3 Bg7 7. f3 0-0 8. Qd2 Nc6 9. 0-0-0 Nxd4 10. Bxd4 Be6 11. g4 Qa5 12. Kb1 Rfc8 13. Nd5 Qxd2 14. Nxf6+ Bxf6 15. Rxd2 Bxd4 16. Rxd4 f6 17. h4 Rc5 18. Be2 Rac8 19. Rd2 h6 20. f4 Ra5 21. a3 Ra4 22. Bf3 Rc5 23. Rg1 g5 24. hxg5 hxg5 25. f5 Bf7 26. Rh1 Kf8 27. Rh8+ Bg8 28. Rdh2 Rd4 29. c3 Rd3 30. R2h3 Kg7 31. R8h5 Rd2 32. Rh6 Bf7 1/2-1/2

[Event "Stuttgart-chA int"]
[Site "Ditzingen"]
[Date "2012.05.17"]
[Round "1"]
[White "Stitterich, Nadine"]
[Black "Latzke, Boris Alexander"]
[Result "0-1"]
[WhiteElo "2002"]
[BlackElo "2253"]
[PlyCount "84"]
[EventDate "2012.05.17"]
[EventType "swiss"]
[EventRounds "7"]
[EventCountry "GER"]
[SourceTitle "EXT 2018"]
[Source "ChessBase"]
[SourceDate "2017.10.13"]
[SourceVersion "1"]
[SourceVersionDate "2017.10.13"]
[SourceQuality "1"]

1. e4 e5 2. Nf3 Nc6 3. Bb5 a6 4. Ba4 Nf6 5. 0-0 Nxe4 6. d4 b5 7. Bb3 d5 8. dxe5 Be6 9. c3 Be7 10. Bf4 g5 11. Be3 g4 12. Nd4 Nxe5 13. Nxe6 fxe6 14. Bd4 Bd6 15. Bxe5 Bxe5 16. Qxg4 Qf6 17. Qh5+ Ke7 18. Bc2 Ng5 19. Nd2 Bf4 20. Nf3 Rag8 21. Nxg5 Rxg5 22. Qh3 h5 23. Rfe1 Rhg8 24. g3 h4 25. Rf1 Rh8 26. g4 Rhg8 27. f3 e5 28. Kh1 Rd8 29. Rae1 Rgg8 30. Re2 c5 31. Rfe1 c4 32. Bb1 Kd6 33. Bf5 Kc7 34. a3 Rd6 35. Bb1 d4 36. cxd4 Rxd4 37. Be4 Rgd8 38. Rb1 Rd1+ 39. Rxd1 Rxd1+ 40. Kg2 Bg5 41. f4 Qxf4 42. Qf3 h3+ 0-1

[Event "BL 1112 (Women)"]
[Site "Germany"]
[Date "2012.01.21"]
[Round "6.4"]
[White "Moser, Eva"]
[Black "Stitterich, Nadine"]
[Result "1-0"]
[WhiteElo "2432"]
[BlackElo "2008"]
[PlyCount "49"]
[EventDate "2011.10.29"]
[EventType "team-tourn"]
[EventRounds "11"]
[EventCountry "GER"]
[SourceTitle "EXT 2013"]
[Source "ChessBase"]
[SourceDate "2012.11.22"]
[SourceVersion "1"]
[SourceVersionDate "2012.11.22"]
[SourceQuality "1"]
[WhiteTeam "Baden-Baden (W)"]
[BlackTeam "Stuttgart Wolfbusch (W)"]
[WhiteTeamCountry "GER"]
[BlackTeamCountry "GER"]

1. g3 d5 2. Nf3 c6 3. Bg2 Bf5 4. 0-0 Nf6 5. b3 e6 6. Bb2 Nbd7 7. d3 Be7 8. Nbd2 0-0 9. e3 Re8 10. Qe2 Bg4 11. e4 dxe4 12. dxe4 e5 13. h3 Bxf3 14. Nxf3 Bc5 15. Rad1 Qc7 16. Kh1 b5 17. Nh4 Qa5 18. f4 exf4 19. gxf4 Qxa2 20. Bc3 Qa6 21. Rxd7 Nxd7 22. Qg4 Bf8 23. Bxg7 h5 24. Qg5 f6 25. Bxf6+ 1-0

[Event "GER-chT U20 Girls"]
[Site "Osnabrueck"]
[Date "2011.12.27"]
[Round "2.1"]
[White "Stitterich, Nadine"]
[Black "Tran, My Linh"]
[Result "1/2-1/2"]
[WhiteElo "1940"]
[BlackElo "2013"]
[PlyCount "83"]
[EventDate "2011.12.27"]
[EventType "team-swiss"]
[EventRounds "7"]
[EventCountry "GER"]
[SourceTitle "CBM 146 Extra"]
[Source "ChessBase"]
[SourceDate "2012.02.29"]
[SourceVersion "1"]
[SourceVersionDate "2012.02.29"]
[SourceQuality "1"]
[WhiteTeam "Stuttgart Wolfbusch (W)"]
[BlackTeam "Dortmund 1875 (W)"]
[WhiteTeamCountry "GER"]
[BlackTeamCountry "GER"]

1. e4 c5 2. Nf3 e6 3. d4 cxd4 4. Nxd4 Bc5 5. Nc3 Qb6 6. Na4 Qa5+ 7. c3 Be7 8. Bd2 a6 9. b4 Qc7 10. Bd3 b5 11. Nb2 Nc6 12. Nb3 Ne5 13. Na5 Nxd3+ 14. Nxd3 d6 15. 0-0 Nf6 16. f3 0-0 17. Qe2 Bd7 18. Rac1 Rac8 19. Rfd1 Rfd8 20. Be3 Qb8 21. Qf2 Rf8 22. a3 Bd8 23. Nb3 Be7 24. Nd2 Rfd8 25. Bb6 Rf8 26. Ba7 Qb7 27. Be3 Rc7 28. c4 bxc4 29. Nxc4 Bb5 30. Na5 Qb8 31. Rxc7 Qxc7 32. Rc1 Qd7 33. Qd2 Rc8 34. Nb2 Rxc1+ 35. Qxc1 h6 36. Bb6 Qe8 37. Qc2 Nd7 38. Bf2 Ne5 39. Bd4 Bf6 40. Bf2 Bd7 41. Qd2 Bb5 42. Bd4 1/2-1/2

[Event "BL 1112 (Women)"]
[Site "Germany"]
[Date "2011.10.29"]
[Round "1.4"]
[White "Sharevich, Anna"]
[Black "Stitterich, Nadine"]
[Result "1/2-1/2"]
[WhiteElo "2257"]
[BlackElo "2008"]
[PlyCount "102"]
[EventDate "2011.10.29"]
[EventType "team-tourn"]
[EventRounds "11"]
[EventCountry "GER"]
[SourceTitle "EXT 2013"]
[Source "ChessBase"]
[SourceDate "2012.11.22"]
[SourceVersion "1"]
[SourceVersionDate "2012.11.22"]
[SourceQuality "1"]
[WhiteTeam "Halle Volksbank (W)"]
[BlackTeam "Stuttgart Wolfbusch (W)"]
[WhiteTeamCountry "GER"]
[BlackTeamCountry "GER"]

1. d4 d5 2. c4 c6 3. Nf3 e6 4. Qc2 Nf6 5. Nbd2 Nbd7 6. g3 Bd6 7. Bg2 0-0 8. 0-0 e5 9. cxd5 cxd5 10. dxe5 Nxe5 11. Nxe5 Bxe5 12. Nf3 Qc7 13. Qd3 Bg4 14. h3 Bxf3 15. Bxf3 Qb6 16. Rb1 Rad8 17. Be3 d4 18. Bd2 Rfe8 19. Bg2 Nd7 20. b4 Bf6 21. Bf4 Ne5 22. Bxe5 Bxe5 23. Rfc1 Bf6 24. a4 Qe6 25. Rc2 b6 26. b5 Be7 27. Bc6 Rf8 28. Kg2 Bc5 29. a5 Rc8 30. axb6 Bxb6 31. Rbc1 Qe5 32. h4 Rcd8 33. Qe4 Qxe4+ 34. Bxe4 g6 35. Rc6 Rde8 36. Bd3 Kg7 37. g4 Re6 38. Rxe6 fxe6 39. Rc6 Re8 40. Rd6 Re7 41. f4 Rf7 42. Rxe6 Rxf4 43. Re7+ Kf6 44. Rxh7 Rxg4+ 45. Kf3 Rg1 46. Kf4 Rf1+ 47. Kg3 Rg1+ 48. Kf2 Rg4 49. Kf3 Rg1 50. Ke4 Rc1 51. Kf3 Rg1 1/2-1/2

[Event "GER-chT U20 Girls"]
[Site "Magdeburg"]
[Date "2010.12.27"]
[Round "2.2"]
[White "Lorenz, Nicole"]
[Black "Stitterich, Nadine"]
[Result "0-1"]
[WhiteElo "1913"]
[BlackElo "2030"]
[PlyCount "80"]
[EventDate "2010.12.27"]
[EventType "team-swiss"]
[EventRounds "7"]
[EventCountry "GER"]
[SourceTitle "CBM 140 Extra"]
[Source "ChessBase"]
[SourceDate "2011.03.01"]
[SourceVersion "1"]
[SourceVersionDate "2011.03.01"]
[SourceQuality "1"]
[WhiteTeam "Dresden Gruen Weiss"]
[BlackTeam "Stuttgart Wolfbusch"]
[WhiteTeamCountry "GER"]
[BlackTeamCountry "GER"]

1. Nf3 d5 2. c4 c6 3. g3 Nf6 4. Bg2 Bf5 5. 0-0 e6 6. d3 Nbd7 7. Nc3 Bg6 8. cxd5 exd5 9. e4 dxe4 10. dxe4 Nc5 11. Qxd8+ Rxd8 12. Bg5 Be7 13. e5 Nfe4 14. Nxe4 Bxe4 15. Bxe7 Kxe7 16. Rfd1 Bxf3 17. Bxf3 Nd3 18. b3 Nxe5 19. Be2 Rxd1+ 20. Rxd1 Rd8 21. Rxd8 Kxd8 22. f4 Nd7 23. Kf2 Ke7 24. Ke3 a6 25. Bf1 b5 26. Be2 Nf6 27. a3 Kd6 28. Bf3 Nd7 29. Kd4 a5 30. Bh5 g6 31. Bd1 Nf6 32. a4 bxa4 33. bxa4 Nd5 34. Bb3 f6 35. Bd1 h6 36. Bc2 c5+ 37. Ke4 f5+ 38. Kf3 c4 39. h4 h5 40. Kf2 Kc5 0-1